[Event "XXIX Miedzynarodowy Festiwal Szachowy CRACOVIA-2018 Grupa A"]
[Site "Krakow, Hotel Galaxy, ul. Gesia 22a"]
[Date "2019.01.02"]
[Round "7.67"]
[White "Rasmussen, Jonas H"]
[Black "Hemmerling, Jaroslaw"]
[Result "1/2-1/2"]
[Annotator "Leszek"]
[PlyCount "64"]
[EventDate "2019.??.??"]

{[BlackTitle "I++"] [WhiteElo "1982"] [BlackElo "1940"]} 1. d4 d5 2. Nf3 Nf6 3.
g3 c5 4. Bg2 Nc6 5. O-O cxd4 6. Nxd4 e6 7. c4 Bc5 8. Nb3 Be7 9. cxd5 Nxd5 10.
e4 Ndb4 11. Qe2 Qd3 12. Qxd3 Nxd3 13. Nc3 Nxc1 14. Raxc1 O-O 15. f4 Bd7 16. e5
Rac8 17. Rfd1 Rfd8 18. a3 Be8 19. Ne4 Nb8 20. Rxd8 Rxc1+ 21. Nxc1 Bxd8 22. Nd6
Bc6 23. Nxb7 Bb6+ 24. Kf1 Bb5+ 25. Ke1 Bd4 26. b3 Bb2 27. Nd6 Ba6 28. Na2 Bxa3
29. b4 Bd3 30. Kd1 Na6 31. Nc8 Nxb4 32. Nxb4 Bxb4 {Zapis nieczytelny} 1/2-1/2

[Event "XXIX Miedzynarodowy Festiwal Szachowy CRACOVIA-2018 Grupa A"]
[Site "Krakow, Hotel Galaxy, ul. Gesia 22a"]
[Date "2019.??.02"]
[Round "7.69"]
[White "Majek, Kacper"]
[Black "Mirski, Michal"]
[Result "1/2-1/2"]
[WhiteElo "2011"]
[BlackElo "2011"]
[Annotator "Leszek"]
[PlyCount "57"]
[EventDate "2019.??.??"]

1. d4 d5 2. c4 e6 3. Nf3 Nf6 4. g3 Bb4+ 5. Nbd2 O-O 6. Bg2 c5 7. O-O Nc6 8.
dxc5 Bxc5 9. a3 a5 10. Qc2 Qb6 11. Nb3 Be7 12. Be3 Qc7 13. Bf4 e5 14. cxd5 Nxd5
15. Nxe5 Nxf4 16. gxf4 Bf6 17. Nd3 Bg4 18. Rfe1 Qb6 19. e3 Rac8 20. Nbc5 Rfd8
21. Rac1 h5 22. Qa4 h4 23. h3 Bf5 24. e4 Be6 25. e5 Be7 26. Nxe6 Rxd3 27. Qe4
Rg3 28. Nc5 Nd4 29. Nd7 {Zapis nieczytelny} 1/2-1/2

[Event "XXIX Miedzynarodowy Festiwal Szachowy CRACOVIA-2018 Grupa A"]
[Site "Krakow, Hotel Galaxy, ul. Gesia 22a"]
[Date "2019.01.03"]
[Round "8.2"]
[White "Grib, Roman"]
[Black "Janik, Igor"]
[Result "1-0"]
[BlackElo "2476"]
[WhiteElo "2412"]
[LiveChessVersion "1.4.8"]

1. e4 {[%clk 1:30:58]} c6 {[%clk 1:30:57]} 2. d4 {[%clk 1:31:19]} d5
{[%clk 1:31:21]} 3. Nd2 {[%clk 1:31:31]} dxe4 {[%clk 1:31:31]} 4. Nxe4
{[%clk 1:31:57]} Bf5 {[%clk 1:30:56]} 5. Ng3 {[%clk 1:32:18]} Bg6
{[%clk 1:31:19]} 6. h4 {[%clk 1:32:36]} h6 {[%clk 1:31:47]} 7. Nf3
{[%clk 1:32:52]} e6 {[%clk 1:32:16]} 8. h5 {[%clk 1:32:03]} Bh7 {[%clk 1:32:36]}
9. Bd3 {[%clk 1:32:31]} Bxd3 {[%clk 1:33:03]} 10. Qxd3 {[%clk 1:32:57]} Nf6
{[%clk 1:33:23]} 11. Bd2 {[%clk 1:33:02]} c5 {[%clk 1:33:50]} 12. O-O-O
{[%clk 1:33:18]} Nc6 {[%clk 1:34:19]} 13. Bc3 {[%clk 1:32:40]} Qd5
{[%clk 1:34:17]} 14. dxc5 {[%clk 1:19:59]} Qxd3 {[%clk 1:32:15]} 15. Rxd3
{[%clk 1:08:08]} Bxc5 {[%clk 1:32:11]} 16. Bxf6 {[%clk 1:08:36]} gxf6
{[%clk 1:32:30]} 17. Ne4 {[%clk 1:09:03]} Be7 {[%clk 1:32:49]} 18. Rhd1
{[%clk 1:06:08]} Rg8 {[%clk 1:27:58]} 19. g3 {[%clk 1:06:24]} Nb4
{[%clk 1:24:47]} 20. Rb3 {[%clk 1:02:44]} Nxa2+ {[%clk 1:14:56]} 21. Kb1
{[%clk 1:03:07]} Nb4 {[%clk 1:15:25]} 22. Nd6+ {[%clk 0:53:17]} Bxd6
{[%clk 1:14:19]} 23. Rxd6 {[%clk 0:53:43]} Rg4 {[%clk 1:14:32]} 24. c3
{[%clk 0:53:16]} Ke7 {[%clk 1:14:48]} 25. Rd2 {[%clk 0:43:55]} Nd5
{[%clk 1:15:10]} 26. Rxb7+ {[%clk 0:44:22]} Kf8 {[%clk 1:15:22]} 27. Rd4
{[%clk 0:27:17]} Rxd4 {[%clk 1:13:53]} 28. Nxd4 {[%clk 0:27:42]} a5
{[%clk 1:13:20]} 29. Ka2 {[%clk 0:16:42]} Kg8 {[%clk 1:10:47]} 30. Rb5
{[%clk 0:08:38]} Nc7 {[%clk 1:09:29]} 31. Rc5 {[%clk 0:08:35]} Ne8
{[%clk 1:09:49]} 32. g4 {[%clk 0:05:18]} Nd6 {[%clk 1:08:49]} 33. f3
{[%clk 0:05:44]} Kf8 {[%clk 1:07:26]} 34. c4 {[%clk 0:04:47]} Ke8
{[%clk 1:05:49]} 35. Nb5 {[%clk 0:04:39]} Nxb5 {[%clk 1:05:19]} 36. cxb5
{[%clk 0:05:04]} Rd8 {[%clk 1:04:34]} 37. Kb3 {[%clk 0:02:49]} Rd4
{[%clk 1:03:53]} 38. Rc4 {[%clk 0:02:22]} Rd1 {[%clk 1:03:16]} 39. Rc7
{[%clk 0:00:47]} Rd4 {[%clk 1:03:23]} 40. Rc4 {[%clk 0:30:42]} Rd1
{[%clk 1:33:41]} 41. Rc3 {[%clk 0:09:14]} Rd4 {[%clk 1:31:25]} 42. Ka3
{[%clk 0:09:36]} Kd8 {[%clk 1:30:03]} 43. b6 {[%clk 0:09:46]} 1-0

[Event "XXIX Miedzynarodowy Festiwal Szachowy CRACOVIA-2018 Grupa A"]
[Site "Krakow, Hotel Galaxy, ul. Gesia 22a"]
[Date "2019.01.03"]
[Round "8.8"]
[White "Klekowski, Maciej"]
[Black "Godzwon, Iwo"]
[Result "1/2-1/2"]
[BlackElo "2323"]
[WhiteElo "2499"]
[LiveChessVersion "1.4.8"]

1. c4 {[%clk 1:30:53]} c5 {[%clk 1:30:55]} 2. Nc3 {[%clk 1:30:37]} Nc6
{[%clk 1:31:08]} 3. g3 {[%clk 1:31:01]} g6 {[%clk 1:31:32]} 4. Bg2
{[%clk 1:31:27]} Bg7 {[%clk 1:32:00]} 5. Nf3 {[%clk 1:31:34]} d6 {[%clk 1:32:06]}
6. O-O {[%clk 1:31:49]} e6 {[%clk 1:31:51]} 7. e3 {[%clk 1:32:03]} Nge7
{[%clk 1:32:17]} 8. d4 {[%clk 1:32:26]} O-O {[%clk 1:32:43]} 9. a3
{[%clk 0:54:00]} cxd4 {[%clk 1:21:47]} 10. exd4 {[%clk 0:49:56]} d5
{[%clk 1:20:48]} 11. c5 {[%clk 0:49:18]} Nf5 {[%clk 1:18:44]} 12. Bg5
{[%clk 0:49:17]} Qd7 {[%clk 1:18:06]} 13. Ne2 {[%clk 0:48:31]} b6
{[%clk 1:16:15]} 14. g4 {[%clk 0:47:58]} Nfe7 {[%clk 1:15:48]} 15. cxb6
{[%clk 0:37:17]} axb6 {[%clk 1:14:58]} 16. Nc3 {[%clk 0:32:41]} h6
{[%clk 1:09:39]} 17. Bf4 {[%clk 0:24:32]} g5 {[%clk 1:01:04]} 18. Bg3
{[%clk 0:23:22]} f5 {[%clk 1:01:10]} 19. gxf5 {[%clk 0:23:27]} Nxf5
{[%clk 1:01:15]} 20. Re1 {[%clk 0:23:20]} Qf7 {[%clk 0:54:56]} 21. Ne5
{[%clk 0:22:08]} Nxe5 {[%clk 0:54:29]} 22. Bxe5 {[%clk 0:22:33]} Bxe5
{[%clk 0:54:09]} 23. Rxe5 {[%clk 0:22:58]} Nh4 {[%clk 0:54:12]} 24. Qe2
{[%clk 0:22:56]} Ng6 {[%clk 0:44:03]} 25. Re3 {[%clk 0:23:11]} Nf4
{[%clk 0:44:27]} 26. Qd2 {[%clk 0:23:07]} Bd7 {[%clk 0:43:57]} 27. Rg3
{[%clk 0:18:52]} Nxg2 {[%clk 0:41:13]} 28. Rxg2 {[%clk 0:17:30]} Qf4
{[%clk 0:41:39]} 29. Qd3 {[%clk 0:15:40]} Rf6 {[%clk 0:39:05]} 30. Re1
{[%clk 0:14:45]} Raf8 {[%clk 0:39:05]} 31. Re3 {[%clk 0:14:47]} Rc8
{[%clk 0:34:19]} 32. Ne2 {[%clk 0:07:54]} Qf5 {[%clk 0:34:37]} 33. Qxf5
{[%clk 0:08:15]} Rxf5 {[%clk 0:35:04]} 34. h4 {[%clk 0:06:19]} Kf7
{[%clk 0:31:23]} 35. hxg5 {[%clk 0:06:22]} Rxg5 {[%clk 0:31:20]} 36. Rxg5
{[%clk 0:03:20]} hxg5 {[%clk 0:31:47]} 37. Rb3 {[%clk 0:01:50]} Rb8
{[%clk 0:29:05]} 38. Nc1 {[%clk 0:01:12]} Kf6 {[%clk 0:26:14]} 39. Rf3+
{[%clk 0:01:10]} Ke7 {[%clk 0:26:28]} 40. Nd3 {[%clk 0:31:33]} Rc8
{[%clk 0:56:35]} 41. Ne5 {[%clk 0:28:45]} Be8 {[%clk 0:55:57]} 42. Rb3
{[%clk 0:26:52]} b5 {[%clk 0:56:14]} 43. Rc3 {[%clk 0:26:04]} Rxc3
{[%clk 0:51:23]} 44. bxc3 {[%clk 0:26:13]} Kf6 {[%clk 0:51:46]} 45. Kg2
{[%clk 0:26:12]} Bh5 {[%clk 0:49:46]} 46. Kg3 {[%clk 0:25:21]} Be2
{[%clk 0:45:41]} 47. f3 {[%clk 0:24:31]} Kf5 {[%clk 0:46:06]} 48. Ng4
{[%clk 0:17:25]} Bd3 {[%clk 0:42:18]} 49. Ne3+ {[%clk 0:16:03]} Kf6
{[%clk 0:42:06]} 50. Kf2 {[%clk 0:14:06]} Bg6 {[%clk 0:37:38]} 51. Ng4+
{[%clk 0:13:57]} Kf5 {[%clk 0:38:04]} 52. Ke3 {[%clk 0:14:21]} Bh5
{[%clk 0:38:06]} 53. Nf2 {[%clk 0:13:44]} e5 {[%clk 0:31:19]} 54. Nh1
{[%clk 0:10:59]} Bg6 {[%clk 0:27:21]} 55. Ng3+ {[%clk 0:11:03]} Ke6
{[%clk 0:27:48]} 56. dxe5 {[%clk 0:10:11]} Kxe5 {[%clk 0:28:07]} 57. Ne2
{[%clk 0:10:35]} Bf5 {[%clk 0:25:56]} 58. f4+ {[%clk 0:10:44]} gxf4+
{[%clk 0:26:22]} 59. Nxf4 {[%clk 0:11:11]} Be4 {[%clk 0:24:35]} 60. Ne2
{[%clk 0:11:31]} Bg2 {[%clk 0:22:38]} 61. Nd4 {[%clk 0:11:18]} Bf1
{[%clk 0:23:04]} 62. Nf3+ {[%clk 0:11:18]} Kd6 {[%clk 0:23:29]} 63. Kd4
{[%clk 0:11:43]} Bc4 {[%clk 0:23:37]} 64. Nh4 {[%clk 0:11:40]} Kc6
{[%clk 0:23:23]} 65. Nf5 {[%clk 0:11:48]} Ba2 {[%clk 0:23:32]} 66. Ne3
{[%clk 0:10:10]} Bb3 {[%clk 0:23:31]} 67. Ng4 {[%clk 0:09:57]} Kb6
{[%clk 0:23:32]} 68. Ne5 {[%clk 0:08:43]} Ka5 {[%clk 0:22:46]} 69. Nc6+
{[%clk 0:08:17]} Ka4 {[%clk 0:23:10]} 70. Nb4 {[%clk 0:08:35]} Kxa3
{[%clk 0:23:35]} 71. Nxd5 {[%clk 0:09:01]} Bxd5 {[%clk 0:23:49]} 72. Kxd5
{[%clk 0:09:28]} b4 {[%clk 0:24:14]} 73. cxb4 {[%clk 0:09:55]} Kxb4
{[%clk 0:24:42]} 1/2-1/2

[Event "XXIX Miedzynarodowy Festiwal Szachowy CRACOVIA-2018 Grupa A"]
[Site "Krakow, Hotel Galaxy, ul. Gesia 22a"]
[Date "2019.01.03"]
[Round "8.9"]
[White "Krishnater, Kushager"]
[Black "Jarmula, Lukasz"]
[Result "1/2-1/2"]
[BlackElo "2481"]
[WhiteElo "2305"]
[LiveChessVersion "1.4.8"]

1. e4 {[%clk 1:30:58]} c5 {[%clk 1:20:29]} 2. Nc3 {[%clk 1:31:08]} d6
{[%clk 1:19:53]} 3. d4 {[%clk 1:31:24]} cxd4 {[%clk 1:20:17]} 4. Qxd4
{[%clk 1:31:52]} Nc6 {[%clk 1:20:36]} 5. Qd2 {[%clk 1:32:19]} g6 {[%clk 1:19:55]}
6. b3 {[%clk 1:32:30]} Bg7 {[%clk 1:17:48]} 7. Bb2 {[%clk 1:32:53]} Nf6
{[%clk 1:18:04]} 8. O-O-O {[%clk 1:33:05]} O-O {[%clk 1:18:28]} 9. f3
{[%clk 1:33:28]} a6 {[%clk 1:16:45]} 10. Kb1 {[%clk 1:27:28]} b5 {[%clk 1:16:13]}
11. h4 {[%clk 1:22:44]} h5 {[%clk 1:09:18]} 12. Nh3 {[%clk 1:21:04]} Bd7
{[%clk 1:03:36]} 13. Be2 {[%clk 1:11:17]} Rc8 {[%clk 0:53:39]} 14. Ng5
{[%clk 0:59:38]} Qa5 {[%clk 0:50:19]} 15. Nd5 {[%clk 0:59:17]} Qxd2
{[%clk 0:48:35]} 16. Rxd2 {[%clk 0:59:32]} Nxd5 {[%clk 0:48:52]} 17. Bxg7
{[%clk 0:59:35]} Kxg7 {[%clk 0:49:11]} 18. exd5 {[%clk 0:59:25]} Ne5
{[%clk 0:49:30]} 19. Kb2 {[%clk 0:52:45]} Rc7 {[%clk 0:43:07]} 20. Ne4
{[%clk 0:44:12]} Rfc8 {[%clk 0:42:25]} 21. Rc1 {[%clk 0:43:03]} a5
{[%clk 0:41:15]} 22. c3 {[%clk 0:42:37]} a4 {[%clk 0:39:18]} 23. Rd4
{[%clk 0:39:46]} axb3 {[%clk 0:37:50]} 24. axb3 {[%clk 0:40:03]} Ra8
{[%clk 0:37:59]} 25. Rdd1 {[%clk 0:40:07]} f5 {[%clk 0:31:42]} 26. Ng5
{[%clk 0:37:20]} f4 {[%clk 0:26:46]} 27. Ra1 {[%clk 0:33:07]} Rac8
{[%clk 0:25:29]} 28. Rac1 {[%clk 0:33:18]} Rb7 {[%clk 0:21:36]} 29. Ra1
{[%clk 0:30:29]} Bf5 {[%clk 0:16:57]} 30. Rd4 {[%clk 0:19:30]} Rbc7
{[%clk 0:12:24]} 31. Rc1 {[%clk 0:19:54]} Ra7 {[%clk 0:09:25]} 32. Rdd1
{[%clk 0:20:19]} Rb8 {[%clk 0:04:53]} 33. Ra1 {[%clk 0:19:45]} Rc7
{[%clk 0:05:18]} 34. Rd4 {[%clk 0:20:04]} Rbc8 {[%clk 0:05:43]} 35. Rc1
{[%clk 0:20:29]} Ra8 {[%clk 0:04:41]} 36. Rdd1 {[%clk 0:20:55]} Rb7
{[%clk 0:04:52]} 37. Ra1 {[%clk 0:21:11]} Rc8 {[%clk 0:05:18]} 38. Rd4
{[%clk 0:21:34]} Rc5 {[%clk 0:04:06]} 39. b4 {[%clk 0:18:13]} Rc8
{[%clk 0:03:56]} 40. Rxf4 {[%clk 0:47:07]} Bd3 {[%clk 0:33:36]} 41. Bd1
{[%clk 0:40:28]} Bf5 {[%clk 0:29:03]} 42. Be2 {[%clk 0:40:50]} Bd3
{[%clk 0:28:34]} 43. Bd1 {[%clk 0:40:41]} Bf1 {[%clk 0:23:44]} 44. Bc2
{[%clk 0:38:44]} Nc4+ {[%clk 0:21:55]} 45. Kb3 {[%clk 0:38:56]} Nd2+
{[%clk 0:21:25]} 46. Kb2 {[%clk 0:39:21]} Nc4+ {[%clk 0:21:03]} 1/2-1/2

[Event "XXIX Miedzynarodowy Festiwal Szachowy CRACOVIA-2018 Grupa A"]
[Site "Krakow, Hotel Galaxy, ul. Gesia 22a"]
[Date "2019.01.03"]
[Round "8.13"]
[White "Galperin, Platon"]
[Black "Kulkarni, Bhakti"]
[Result "0-1"]
[BlackElo "2283"]
[WhiteElo "2363"]
[LiveChessVersion "1.4.8"]

1. e4 {[%clk 1:21:59]} e6 {[%clk 1:27:19]} 2. d4 {[%clk 1:22:19]} d5
{[%clk 1:27:44]} 3. Nd2 {[%clk 1:22:37]} c5 {[%clk 1:27:33]} 4. exd5
{[%clk 1:23:03]} exd5 {[%clk 1:27:06]} 5. Ngf3 {[%clk 1:23:27]} Nc6
{[%clk 1:26:59]} 6. Bb5 {[%clk 1:23:54]} Qe7+ {[%clk 1:24:17]} 7. Be2
{[%clk 1:24:21]} Nf6 {[%clk 1:19:40]} 8. O-O {[%clk 1:24:43]} Qc7
{[%clk 1:19:53]} 9. Re1 {[%clk 1:24:54]} Be7 {[%clk 1:20:05]} 10. dxc5
{[%clk 1:17:56]} O-O {[%clk 1:19:27]} 11. Nb3 {[%clk 1:17:36]} a5
{[%clk 1:17:41]} 12. a4 {[%clk 1:17:04]} Bf5 {[%clk 1:16:54]} 13. c3
{[%clk 1:09:55]} Rad8 {[%clk 1:11:02]} 14. h3 {[%clk 1:07:17]} Ne4
{[%clk 1:09:09]} 15. Be3 {[%clk 1:07:43]} Bg6 {[%clk 1:08:31]} 16. Nfd4
{[%clk 1:05:24]} Nxd4 {[%clk 1:01:49]} 17. cxd4 {[%clk 1:00:13]} f5
{[%clk 1:01:56]} 18. Bd2 {[%clk 0:51:56]} Ra8 {[%clk 0:59:56]} 19. Bh5
{[%clk 0:38:25]} Bh4 {[%clk 0:48:56]} 20. Rf1 {[%clk 0:38:53]} Bxf2+
{[%clk 0:46:17]} 21. Rxf2 {[%clk 0:38:24]} Qg3 {[%clk 0:46:18]} 22. Qf3
{[%clk 0:29:03]} Bxh5 {[%clk 0:46:17]} 23. Qxg3 {[%clk 0:29:30]} Nxg3
{[%clk 0:46:39]} 24. Nxa5 {[%clk 0:23:48]} Ne4 {[%clk 0:41:26]} 25. b4
{[%clk 0:21:34]} Nxf2 {[%clk 0:35:14]} 26. Kxf2 {[%clk 0:22:02]} Rfe8
{[%clk 0:33:42]} 27. Ra2 {[%clk 0:18:07]} Re2+ {[%clk 0:12:11]} 28. Kf1
{[%clk 0:18:31]} f4 {[%clk 0:12:36]} 29. Rb2 {[%clk 0:18:26]} f3 {[%clk 0:12:54]}
30. gxf3 {[%clk 0:18:47]} Bxf3 {[%clk 0:13:15]} 31. Bc1 {[%clk 0:17:57]} Rxb2
{[%clk 0:13:03]} 32. Bxb2 {[%clk 0:18:24]} Bd1 {[%clk 0:13:04]} 33. Nxb7
{[%clk 0:14:59]} Bxa4 {[%clk 0:12:53]} 34. Nd6 {[%clk 0:13:38]} Rb8
{[%clk 0:11:27]} 35. Bc3 {[%clk 0:14:06]} Kf8 {[%clk 0:11:08]} 36. Kf2
{[%clk 0:13:46]} Bd7 {[%clk 0:11:26]} 37. Kg3 {[%clk 0:05:56]} Ra8
{[%clk 0:08:31]} 38. Kf4 {[%clk 0:05:21]} Ra3 {[%clk 0:08:55]} 39. Be1
{[%clk 0:03:41]} Ke7 {[%clk 0:03:48]} 40. Nf5+ {[%clk 0:30:42]} Bxf5
{[%clk 0:32:58]} 41. Kxf5 {[%clk 0:31:06]} Rxh3 {[%clk 0:30:32]} 42. b5
{[%clk 0:30:38]} Rb3 {[%clk 0:30:40]} 43. Bh4+ {[%clk 0:24:12]} Kd7
{[%clk 0:31:04]} 44. Ke5 {[%clk 0:24:27]} Rxb5 {[%clk 0:30:19]} 45. Kxd5
{[%clk 0:24:54]} h6 {[%clk 0:30:13]} 46. Kc4 {[%clk 0:24:53]} Ra5
{[%clk 0:29:52]} 47. Bg3 {[%clk 0:19:40]} Ra4+ {[%clk 0:28:04]} 48. Kd5
{[%clk 0:19:27]} Ra6 {[%clk 0:28:15]} 49. Kc4 {[%clk 0:15:27]} Rg6
{[%clk 0:23:44]} 50. Be5 {[%clk 0:13:26]} Rg4 {[%clk 0:23:53]} 51. Kd5
{[%clk 0:13:40]} Rg6 {[%clk 0:19:33]} 52. Kc4 {[%clk 0:12:33]} Rg5
{[%clk 0:11:56]} 53. Kd5 {[%clk 0:04:01]} h5 {[%clk 0:12:25]} 54. c6+
{[%clk 0:02:16]} Kc8 {[%clk 0:12:52]} 55. Ke4 {[%clk 0:01:18]} h4
{[%clk 0:13:14]} 56. Bf4 {[%clk 0:00:49]} h3 {[%clk 0:13:25]} 57. Bxg5
{[%clk 0:00:31]} h2 {[%clk 0:13:50]} 58. d5 {[%clk 0:00:42]} h1=Q+
{[%clk 0:14:13]} 59. Ke5 {[%clk 0:01:01]} Qh5 {[%clk 0:14:22]} 0-1

[Event "XXIX Miedzynarodowy Festiwal Szachowy CRACOVIA-2018 Grupa A"]
[Site "Krakow, Hotel Galaxy, ul. Gesia 22a"]
[Date "2019.01.03"]
[Round "8.16"]
[White "Strybuk, Artsiom I"]
[Black "Colijn, Stefan"]
[Result "1/2-1/2"]
[BlackElo "2331"]
[WhiteElo "2172"]
[LiveChessVersion "1.4.8"]

1. c4 c6 2. d4 d5 3. Nf3 Nf6 4. Nc3 a6 5. c5 g6 6. Ne5 Bg7 7. e3 O-O 8. f4 Nfd7
9. Nd3 f6 10. f5 Re8 11. Nf4 Nf8 12. fxg6 hxg6 13. Bd3 f5 14. O-O e5 15. dxe5
Nbd7 16. Na4 Nxe5 17. Be2 Ned7 18. Bd2 Nf6 19. Bf3 Be6 20. Bc3 Bf7 21. Bd4 N8d7
22. Nc3 Ne5 23. b3 Qc7 24. Qd2 Rad8 25. Rae1 Re7 26. Bd1 Rde8 27. Bc2 Bh6 28. h3
Qc8 29. Qf2 Ne4 30. Nxe4 dxe4 31. Kh1 g5 32. Ne2 Bg6 33. Rd1 Kh7 34. Qg3 Qe6 35.
h4 Bh5 36. Rd2 Bxe2 37. Rxe2 Ng4 38. Ree1 Qf7 39. Bd1 gxh4 40. Qxh4 Rg8 41. Rxf5
Qxf5 42. Qxe7+ Bg7 43. Qh4+ Bh6 44. Kg1 Rg5 45. Rf1 Qg6 46. Bxg4 Rxg4 47. Qe7+
Bg7 48. Qxg7+ Qxg7 49. Bxg7 Rxg7 50. Rf4 Re7 51. Kf2 Kg6 52. b4 Re5 53. a3 a5 54.
g3 Kg5 55. Ke2 Kg6 56. Ke1 Kg5 57. Kf1 Kg6 58. Ke2 Kg5 59. Rf7 axb4 60. axb4 b6
61. cxb6 Rb5 62. b7 Rxb4 63. Kd2 Kg6 64. Rc7 c5 65. Kc3 Kf6 66. Rc6+ Ke7 67. Rxc5
Rxb7 68. Re5+ Kf6 69. Rxe4 Kf5 70. Rf4+ Ke5 71. Kd3 Rb2 72. Rg4 Kf5 73. Rf4+ Ke5
74. Re4+ Kf5 75. g4+ Kg5 76. Rf4 Rb3+ 77. Ke4 Rb1 78. Kf3 Rf1+ 79. Kg3 Rg1+ 80.
Kh3 Re1 81. Rf5+ Kg6 82. Re5 Kf6 83. Re8 Kg5 84. Kg3 Rg1+ 85. Kf3 Rf1+ 86. Ke4
Ra1 87. Rg8+ Kf6 88. Rd8 Rg1 89. Rd6+ Ke7 90. Rg6 Kf7 91. Rg5 Ke6 92. Re5+ Kd6
93. Rd5+ Ke6 94. Re5+ Kd6 95. Rg5 Ke6 96. Re5+ 1/2-1/2

[Event "XXIX Miedzynarodowy Festiwal Szachowy CRACOVIA-2018 Grupa A"]
[Site "Krakow, Hotel Galaxy, ul. Gesia 22a"]
[Date "2019.01.03"]
[Round "8.33"]
[White "Kubicka, Anna"]
[Black "Goluch, Piotr"]
[Result "1/2-1/2"]
[WhiteElo "2168"]
[BlackElo "2273"]
[PlyCount "60"]
[EventDate "2019.??.??"]

1. e4 c6 2. Nc3 d5 3. Nf3 Bg4 4. h3 Bxf3 5. Qxf3 e6 6. d3 Nf6 7. Bd2 Nbd7 8. g4
h6 9. h4 Qb6 10. O-O-O h5 11. g5 dxe4 12. Nxe4 Nxe4 13. dxe4 Ne5 14. Qc3 Ng4
15. Be3 Qb4 16. Qd3 Ne5 17. Qd4 Qxd4 18. Bxd4 Bd6 19. Kb1 O-O-O 20. Be2 Bc7 21.
Bxa7 Rxd1+ 22. Rxd1 Ng6 23. Bd4 Be5 24. Bxe5 Nxe5 25. c3 Ng6 26. Kc2 Nf4 27.
Bf3 e5 28. a4 Kc7 29. b4 g6 30. Rd2 f6 1/2-1/2

[Event "XXIX Miedzynarodowy Festiwal Szachowy CRACOVIA-2018 Grupa A"]
[Site "Krakow, Hotel Galaxy, ul. Gesia 22a"]
[Date "2019.01.03"]
[Round "8.54"]
[White "Seemann, Jakub"]
[Black "Den Boer, Lennard"]
[Result "0-1"]
[WhiteElo "1907"]
[BlackElo "2173"]
[PlyCount "64"]
[EventDate "2019.??.??"]

1. e4 e6 2. d4 d5 3. Nd2 Nf6 4. e5 Nfd7 5. Bd3 b6 6. Nh3 Ba6 7. Bxa6 Nxa6 8. c3
c5 9. Qg4 cxd4 10. cxd4 Qc7 11. O-O Qc2 12. Nf3 Qg6 13. Qxg6 hxg6 14. Bd2 Be7
15. Rac1 O-O 16. a3 Rac8 17. Rxc8 Rxc8 18. Rc1 Rc4 19. b3 Rxc1+ 20. Bxc1 b5 21.
Nf4 Nab8 22. Nd3 Nc6 23. Bb2 a5 24. Nd2 a4 25. b4 Nb6 26. Nc5 Bg5 27. Nb1 Nc4
28. Ba1 Bc1 29. Nc3 Nxa3 30. Nd3 Bd2 31. Bb2 Bxc3 32. Bxc3 Nc2 0-1

[Event "XXIX Miedzynarodowy Festiwal Szachowy CRACOVIA-2018 Grupa A"]
[Site "Krakow, Hotel Galaxy, ul. Gesia 22a"]
[Date "2019.01.03"]
[Round "8.64"]
[White "Golecki, Jan"]
[Black "Trybus, Daniel"]
[Result "1-0"]
[WhiteElo "2064"]
[BlackElo "1916"]
[PlyCount "47"]
[EventDate "2019.??.??"]

1. e4 c6 2. d4 d5 3. Nc3 dxe4 4. Nxe4 Nf6 5. Nxf6+ gxf6 6. Bc4 Bf5 7. Nf3 e6 8.
Bf4 Qb6 9. Bxb8 Rxb8 10. Bb3 Rg8 11. Nh4 Qa5+ 12. c3 Bg4 13. Qd3 Qg5 14. g3 Bh6
15. f4 Qh5 16. Qxh7 Ke7 17. Qe4 Qb5 18. h3 f5 19. Qe3 Bh5 20. Kf2 Rxg3 21. Qxg3
Bxf4 22. Ng6+ fxg6 23. Qxf4 Qe2+ 24. Kg1 1-0

[Event "XXIX Miedzynarodowy Festiwal Szachowy CRACOVIA-2018 Grupa A"]
[Site "Krakow, Hotel Galaxy, ul. Gesia 22a"]
[Date "2019.01.03"]
[Round "8.67"]
[White "Hemmerling, Jaroslaw"]
[Black "Rosol, Alexander"]
[Result "1-0"]
[WhiteElo "1940"]
[BlackElo "1972"]
[PlyCount "55"]
[EventDate "2019.??.??"]

1. e4 d6 2. d4 Nf6 3. Nc3 Nbd7 4. f4 e5 5. Nf3 exd4 6. Qxd4 c6 7. Be3 d5 8.
exd5 Bc5 9. Qd3 O-O 10. dxc6 Qe7 11. cxd7 Bxe3 12. dxc8=N Raxc8 13. Be2 Rfd8
14. Qb5 Rc5 15. Qb3 Ng4 16. h3 Nf6 17. g3 Nh5 18. Nd1 Bxf4 19. gxf4 Nxf4 20.
Rh2 Re8 21. Qe3 Rxc2 22. Qxe7 Rxe7 23. Nd4 Nd3+ 24. Kf1 Rd2 25. Bxd3 Rxh2 26.
Nf2 Rd7 27. Rd1 Rxd4 28. Bxh7+ 1-0

[Event "XXIX Miedzynarodowy Festiwal Szachowy CRACOVIA-2018 Grupa A"]
[Site "Krakow, Hotel Galaxy, ul. Gesia 22a"]
[Date "2019.??.??"]
[Round "8.25"]
[White "Popiol, Michal"]
[Black "Lee, Qing Aun"]
[Result "0-1"]
[WhiteElo "2169"]
[BlackElo "2297"]
[PlyCount "42"]
[EventDate "2019.??.??"]

1. c4 e6 2. Nc3 d5 3. d4 Nf6 4. cxd5 exd5 5. Bg5 Be7 6. Qc2 O-O 7. e3 c6 8. Bd3
h6 9. Bh4 c5 10. Nge2 Nc6 11. a3 Be6 12. Rd1 c4 13. Bf5 Qd7 14. Bxe6 fxe6 15.
O-O Rf7 16. e4 Nxe4 17. Nxe4 Bxh4 18. Nc5 Qd6 19. Nc3 a6 20. Qe2 Re8 21. Qg4
Bf6 0-1

[Event "XXIX Miedzynarodowy Festiwal Szachowy CRACOVIA-2018 Grupa A"]
[Site "Krakow, Hotel Galaxy, ul. Gesia 22a"]
[Date "2019.??.03"]
[Round "8.44"]
[White "Rudzinska, Michalina"]
[Black "Rakhmangulova, Anastasiya"]
[Result "0-1"]
[WhiteElo "2141"]
[BlackElo "2233"]
[PlyCount "124"]
[EventDate "2019.??.??"]

1. e4 d5 2. exd5 Qxd5 3. Nc3 Qd6 4. d4 Nf6 5. Bd3 Bg4 6. Nge2 Nc6 7. f3 Bh5 8.
Bf4 Qd7 9. g4 Bg6 10. Qd2 e6 11. O-O-O Bb4 12. h4 O-O-O 13. h5 Bxd3 14. Qxd3
Bxc3 15. Qxc3 Nd5 16. Qd2 Nb6 17. h6 gxh6 18. Rxh6 Qd5 19. Bg5 Qxa2 20. Qc3 Rd7
21. b3 Rg8 22. Bh4 Qa6 23. Ng3 Nd5 24. Qb2 Ncb4 25. Ne4 Qe2 26. Rf6 Nxf6 27.
Nxf6 Qe3+ 28. Rd2 Rd6 29. Nxg8 Qg1+ 30. Rd1 Nd3+ 31. Kd2 Qxd1+ 32. Kxd1 Nxb2+
33. Kc1 Rxd4 34. Kxb2 Rf4 35. Bf6 h6 36. Bg7 Rxf3 37. Nxh6 f5 38. g5 Kd7 39.
Be5 Rh3 40. Bf4 Ke7 41. Bxc7 Kf8 42. Be5 Re3 43. Bf6 Rg3 44. Kc1 Rg2 45. Kd1 a5
46. c4 f4 47. Ke1 Rg3 48. Kd2 Rxb3 49. g6 Rg3 50. g7+ Rxg7 51. Bxg7+ Kxg7 52.
Ng4 Kg6 53. Kd3 Kf5 54. Nh6+ Kg5 55. Nf7+ Kg4 56. Nd6 b6 57. Nc8 Kg3 58. Nd6 f3
59. Ke3 a4 60. Ne4+ Kg2 61. Nd2 f2 62. Ke2 a3 0-1

[Event "XXIX Miedzynarodowy Festiwal Szachowy CRACOVIA-2018 Grupa A"]
[Site "Krakow, Hotel Galaxy, ul. Gesia 22a"]
[Date "2019.??.??"]
[Round "8.50"]
[White "Kumala, Aleksander"]
[Black "Wikar, Martyna"]
[Result "1-0"]
[WhiteElo "2198"]
[BlackElo "2016"]
[PlyCount "125"]
[EventDate "2019.??.??"]

1. d4 c5 2. c3 Nf6 3. Bf4 e6 4. e3 Nc6 5. h3 b6 6. Nf3 Bb7 7. Nbd2 d6 8. Be2
Be7 9. O-O a6 10. a4 O-O 11. Re1 Re8 12. Bg3 Na5 13. Qb1 c4 14. e4 Nb3 15. Nxb3
Bxe4 16. Qd1 cxb3 17. Qxb3 Bb7 18. a5 b5 19. c4 Bc6 20. Rec1 Rb8 21. c5 Bd5 22.
Qe3 Ne4 23. Bh2 Rc8 24. b4 f5 25. Nd2 f4 26. Qd3 Nxd2 27. Qxd2 f3 28. gxf3 Bg5
29. f4 Qf6 30. cxd6 Rxc1+ 31. Rxc1 Bh4 32. Bg3 Qg6 33. Qe3 Rd8 34. Bg4 Bxg3 35.
fxg3 h5 36. Be2 Rxd6 37. Rc8+ Kf7 38. Kf2 Rc6 39. Rxc6 Bxc6 40. Qe5 Qc2 41.
Qxh5+ Kg8 42. Qe5 Bd5 43. f5 Qb3 44. fxe6 Bxe6 45. h4 Bc4 46. Qe8+ Kh7 47. Qe4+
Kh8 48. Bf3 Qb2+ 49. Kg1 Qxb4 50. d5 Kg8 51. Qe6+ Kf8 52. Qc8+ Ke7 53. Qc7+ Kf6
54. Qf4+ Ke7 55. Qe5+ Kf8 56. d6 Qb1+ 57. Kh2 Qc2+ 58. Bg2 Qe2 59. Qf5+ Ke8 60.
Qc8+ Kf7 61. d7 Bd5 62. Qg8+ Kxg8 63. d8=Q+ 1-0